000 01243naa a22002897a 4500
001 BR2700016
003 BR-BrBNA
005 20240918172739.0
007 ta
008 230509b bl.||||| |||| 00| 0 por d
040 _aBR-BrBNA
_bpor
_cBiblioteca Nacional de Agricultura
041 _a(Pt)
072 _aS10; F00
_b0329
_b9530
_b9587
090 _aS10 BR2700016
100 1 _aCerqueira, L.C. de
111 1 _a1. Congresso Nacional de Oleos, Gorduras, Ceras e Resinas, e seus Derivados
_cRio de Janeiro, GB (Brazil)
_d22 Nov 1924
245 1 _aOs oleos de bacaba e de pataua como succedaneos do azeite de oliveira [Oenorcarpus Bacaba, Oenocarpus Pataua]
260 3 _aRio de Janeiro, GB (Brasil):
_c1927.
500 _aAnnaes do Primeiro e Segundo Congresso Nacional de Oleos, Gorduras, Ceras e Resinas, e seus derivados Rio de Janeiro, GB (Brasil): 1927. p. 100-115 (BR2700016-AM)S10
650 _aBACABA
650 _aPATAUA
650 _aOLEO VEGETAL
650 _aANALISE QUIMICA
773 0 _tAnnaes do Primeiro e Segundo Congresso Nacional de Oleos, Gorduras, Ceras e Resinas, e seus derivados
_wS10 BR2700016
_gRio de Janeiro, GB (Brasil), 1927. p. 100-115
909 _a202404
_bLucia
_c55
_dLucia Elande
942 _cAM
_2AGRIS
999 _c301344
_d301344